|
|
|
|
| LEADER |
00000nab a2200000 a 4500 |
| 001 |
vtls000663441 |
| 003 |
SK-MaSNL |
| 005 |
20260305043900.0 |
| 008 |
250425c1998 xo 0 slo |
| 015 |
|
|
|a SNBRB1998/05-14489
|
| 035 |
|
|
|a CLN000015627
|
| 035 |
|
|
|a urn:nbn:sk:snk-ab1i1b
|
| 035 |
|
|
|a (urnnbn)urn:nbn:sk:snk:ar-003vtk
|
| 035 |
|
|
|a (uuid)cee794e8-34bf-4c02-a2ff-91902862657e
|
| 040 |
|
|
|a SNKBUCL
|b slo
|c SNKBUCL
|e AACR2
|
| 041 |
0 |
|
|a slo
|
| 044 |
|
|
|a xo
|c SK
|
| 080 |
|
|
|a 576.3:581.2
|2 1997
|
| 080 |
|
|
|a 581.2
|2 1997
|
| 080 |
|
|
|a 632.4
|2 1997
|
| 080 |
|
|
|a 633.15
|2 1997
|
| 100 |
1 |
|
|a Pavlovkin, Ján
|4 aut
|9 254886
|
| 245 |
1 |
0 |
|a Účinok kyseliny fuzáriovej na elektrické vlastnosti plazmalémy hostiteľských buniek koreňových vláskov kukurice
|c Ján Pavlovkin
|
| 504 |
|
|
|a Res. angl., slov. Bibliogr. odkazy
|
| 650 |
0 |
7 |
|a potenciál membránový
|x vodivosť elektrická
|2 snkbucl
|9 1626736
|
| 650 |
0 |
7 |
|a elektrická vodivosť
|2 snkbucl
|9 87609
|
| 650 |
0 |
7 |
|a kyselina fuzáriová
|2 snkbucl
|9 1394644
|
| 650 |
0 |
7 |
|a fuzikokcín
|2 snkbucl
|9 1626737
|
| 655 |
|
7 |
|a články z novín a časopisov
|2 snkbucl
|9 267496
|
| 773 |
0 |
|
|t Poľnohospodárstvo
|g Roč. 44, č. 5-6 (1998), s. 350-355
|x 0551-3677
|
| 850 |
|
|
|a Slovenská národná knižnica
|
| 852 |
|
|
|a Slovenská národná knižnica
|
| 954 |
|
|
|a odborná, vedecká literatúra pôvodná (slovenská)
|2 lita
|
| 958 |
|
|
|a article27
|
| 958 |
|
|
|a NB
|
| 958 |
|
|
|a OND
|
| 958 |
|
|
|a EUIPO
|
| 992 |
|
|
|a RBX
|
| 999 |
|
|
|c 3355554
|d 3357484
|